| 000 | 01639nam a2200289Ia 4500 | ||
|---|---|---|---|
| 001 | ebr10068510 | ||
| 003 | CaPaEBR | ||
| 006 | m u | ||
| 007 | cr cn||||||||| | ||
| 008 | 010515s2001 dcuab sb 000 0 eng d | ||
| 020 | _z0309074053 | ||
| 040 |
_aCaPaEBR _cCaPaEBR |
||
| 035 | _a(OCoLC)70753040 | ||
| 050 | 1 | 4 |
_aTC623 _b.N381 2001eb |
| 110 | 2 |
_aNational Research Council (U.S.). _bCommittee to Review the Upper Mississippi River-Illinois Waterway Navigation System Feasibility Study. |
|
| 245 | 1 | 0 |
_aInland navigation system planning _h[electronic resource] : _bthe upper Mississippi River-Illinois Waterway / _cCommittee to Review the Upper Mississippi River-Illinois Waterway Navigation System Feasibility Study, Water Science and Technology Board, Division on Earth and Life Studies, Transportation Research Board, National Research Council. |
| 260 |
_aWashington, D.C. : _bNational Academy Press, _cc2001. |
||
| 300 |
_axiv, 115 p. : _bill., map. |
||
| 500 | _a"Support for this project was provided by the Department of the Army under Contract No. DASW01-00-C-3017."--T.p. verso. | ||
| 504 | _aIncludes bibliographical references. | ||
| 533 |
_aElectronic reproduction. _bPalo Alto, Calif. : _cebrary, _d2005. _nAvailable via World Wide Web. _nAccess may be limited to ebrary affiliated libraries. |
||
| 650 | 0 |
_aInland navigation _zMississippi River. |
|
| 650 | 0 |
_aInland water transportation _zMississippi River. |
|
| 655 | 7 |
_aElectronic books. _2local |
|
| 710 | 2 | _aebrary, Inc. | |
| 856 | 4 | 0 |
_uhttp://site.ebrary.com/lib/rucke/Doc?id=10068510 _zAn electronic book accessible through the World Wide Web; click to view |
| 999 |
_c28553 _d28553 |
||